[Event "FIDE Online Olympiad Div 2 Pool A 2020"]
[Site "Online"]
[Date "2020.08.16"]
[Round "9"]
[White "Wagner, Dennis"]
[Black "Petkov, Momchil"]
[Result "1-0"]
[WhiteElo "2279"]
[BlackElo "2265"]
[Annotator "broadcasts"]
[PlyCount "75"]
[EventDate "2020.08.14"]
[EventType "team-tourn"]
[TimeControl "900+5"]

1. d4 {[%emt 0:00:01]} Nf6 {[%emt 0:00:05]} 2. c4 {[%emt 0:00:01]} e6 {[%emt 0:00:03]} 3. Nf3 {[%emt 0:00:04]} d5 {[%emt 0:00:02]} 4. Nc3 {[%emt 0:00:01]} Bb4 {[%emt 0:00:02]} 5. Qa4+ {[%emt 0:00:33]} Nc6 {[%emt 0:00:03]} 6. e3 {[%emt 0:00:02]} O-O {[%emt 0:00:06]} 7. Qc2 {[%emt 0:00:02]} Re8 {[%emt 0:00:05]} 8. a3 {[%emt 0:00:13]} Bf8 {[%emt 0:00:31]} 9. Bd3 {[%emt 0:00:27]} dxc4 {[%emt 0:01:29]} 10. Bxc4 {[%emt 0:00:02]} e5 {[%emt 0:00:01]} 11. Ng5 {[%emt 0:02:33]} exd4 {[%emt 0:07:10]} 12. Nxf7 {[%emt 0:01:26]} Qe7 {[%emt 0:00:06]} 13. Ng5+ {[%emt 0:04:10]} Kh8 {[%emt 0:00:03]} 14. Nd5 {[%emt 0:01:15]} Qd7 {[%emt 0:00:08]} 15. Nb6 {[%emt 0:04:22]} cxb6 {[%emt 0:02:04]} 16. Nf7+ {[%emt 0:00:03]} Qxf7 {[%emt 0:00:11]} 17. Bxf7 {[%emt 0:00:02]} Re7 {[%emt 0:00:00]} 18. Ba2 {[%emt 0:00:07]} Ne4 {[%emt 0:00:59]} 19. O-O {[%emt 0:00:06]} Bf5 {[%emt 0:00:01]} 20. exd4 {[%emt 0:00:32]} Ng3 {[%emt 0:00:08]} 21. Qb3 {[%emt 0:00:15]} Ne2+ {[%emt 0:00:25]} 22. Kh1 {[%emt 0:00:01]} Be6 {[%emt 0:00:00]} 23. d5 {[%emt 0:00:02]} Ncd4 {[%emt 0:00:01]} 24. Qd1 {[%emt 0:00:08]} Bg4 {[%emt 0:00:21]} 25. f3 {[%emt 0:00:01]} Bf5 {[%emt 0:00:03]} 26. Bg5 {[%emt 0:00:12]} Re5 {[%emt 0:00:38]} 27. Bf4 {[%emt 0:00:03]} Ree8 {[%emt 0:00:10]} 28. Qd2 {[%emt 0:00:01]} Rac8 {[%emt 0:00:15]} 29. Bg3 {[%emt 0:00:30]} h6 {[%emt 0:00:40]} 30. d6 {[%emt 0:00:01]} Rc2 {[%emt 0:00:02]} 31. Qd1 {[%emt 0:00:04]} Rxb2 {[%emt 0:00:50]} 32. Bf2 {[%emt 0:00:01]} Nc6 {[%emt 0:00:09]} 33. Qd5 {[%emt 0:00:09]} Bh7 {[%emt 0:00:09]} 34. d7 {[%emt 0:00:01]} Rd8 {[%emt 0:00:01]} 35. Bh4 {[%emt 0:00:01]} Nf4 {[%emt 0:00:08]} 36. Qf7 {[%emt 0:00:10]} Ne5 {[%emt 0:00:41]} 37. Qxf4 {[%emt 0:00:04]} Ng6 {[%emt 0:00:05]} 38. Qc7 {[%emt 0:00:03]} 1-0

[Event "FIDE Online Olympiad Div 2 Pool A 2020"]
[Site "Online"]
[Date "2020.08.16"]
[Round "9"]
[White "Muetsch, Annmarie"]
[Black "Krasteva, Beloslava"]
[Result "1/2-1/2"]
[WhiteElo "2249"]
[BlackElo "1975"]
[Annotator "broadcasts"]
[PlyCount "112"]
[EventDate "2020.08.14"]
[EventType "team-tourn"]
[TimeControl "900+5"]

1. e4 {[%emt 0:00:02]} c5 {[%emt 0:00:02]} 2. Nc3 {[%emt 0:00:04]} Nc6 {[%emt 0:00:02]} 3. Bb5 {[%emt 0:00:02]} Nd4 {[%emt 0:00:02]} 4. Nf3 {[%emt 0:00:01]} a6 {[%emt 0:00:09]} 5. Bd3 {[%emt 0:00:05]} e6 {[%emt 0:01:17]} 6. O-O {[%emt 0:00:07]} Ne7 {[%emt 0:00:07]} 7. b3 {[%emt 0:00:11]} Nec6 {[%emt 0:00:17]} 8. a3 {[%emt 0:00:10]} Be7 {[%emt 0:00:13]} 9. Bb2 {[%emt 0:00:06]} O-O {[%emt 0:00:05]} 10. Nxd4 {[%emt 0:00:53]} cxd4 {[%emt 0:00:17]} 11. Ne2 {[%emt 0:00:06]} d5 {[%emt 0:00:13]} 12. exd5 {[%emt 0:00:26]} Qxd5 {[%emt 0:00:02]} 13. Ng3 {[%emt 0:01:23]} f5 {[%emt 0:02:20]} 14. f4 {[%emt 0:00:27]} b5 {[%emt 0:00:46]} 15. Be2 {[%emt 0:00:14]} Bb7 {[%emt 0:00:08]} 16. Bf3 {[%emt 0:00:07]} Qd7 {[%emt 0:00:20]} 17. d3 {[%emt 0:00:09]} Rad8 {[%emt 0:00:49]} 18. Qe2 {[%emt 0:00:17]} Rfe8 {[%emt 0:00:19]} 19. Rae1 {[%emt 0:00:30]} Bd6 {[%emt 0:00:40]} 20. Bc1 {[%emt 0:00:21]} Re7 {[%emt 0:00:40]} 21. b4 {[%emt 0:01:13]} Qc7 {[%emt 0:00:40]} 22. Kh1 {[%emt 0:00:58]} Rc8 {[%emt 0:00:34]} 23. Bd2 {[%emt 0:00:18]} Nd8 {[%emt 0:00:16]} 24. Rc1 {[%emt 0:00:21]} Bxf3 {[%emt 0:00:46]} 25. Qxf3 {[%emt 0:00:09]} Qc6 {[%emt 0:00:06]} 26. Qe2 {[%emt 0:02:25]} Qd5 {[%emt 0:00:15]} 27. c4 {[%emt 0:00:28]} dxc3 {[%emt 0:00:03]} 28. Rxc3 {[%emt 0:00:02]} Rxc3 {[%emt 0:00:13]} 29. Bxc3 {[%emt 0:00:00]} Rc7 {[%emt 0:00:02]} 30. Ba1 {[%emt 0:00:19]} Qc6 {[%emt 0:00:41]} 31. Nh5 {[%emt 0:00:43]} Bf8 {[%emt 0:00:43]} 32. Be5 {[%emt 0:00:15]} Rd7 {[%emt 0:00:11]} 33. h3 {[%emt 0:00:39]} Nf7 {[%emt 0:00:21]} 34. Ba1 {[%emt 0:01:00]} Nd8 {[%emt 0:00:44]} 35. Be5 {[%emt 0:00:37]} Qd5 {[%emt 0:00:42]} 36. d4 {[%emt 0:00:50]} Nc6 {[%emt 0:00:23]} 37. Rc1 {[%emt 0:00:20]} Kf7 {[%emt 0:01:01]} 38. Rd1 {[%emt 0:00:22]} a5 {[%emt 0:00:21]} 39. bxa5 {[%emt 0:00:05]} Nxa5 {[%emt 0:00:10]} 40. Ra1 {[%emt 0:00:45]} Nc4 {[%emt 0:00:14]} 41. Kh2 {[%emt 0:00:06]} Ra7 {[%emt 0:00:40]} 42. Qf2 {[%emt 0:00:07]} Rxa3 {[%emt 0:00:19]} 43. Rxa3 {[%emt 0:00:02]} Nxa3 {[%emt 0:00:01]} 44. Qg3 {[%emt 0:00:03]} g6 {[%emt 0:00:15]} 45. Nf6 {[%emt 0:00:02]} Qa2 {[%emt 0:00:10]} 46. Nxh7 {[%emt 0:00:03]} Nc4 {[%emt 0:00:01]} 47. Ng5+ {[%emt 0:00:04]} Kg8 {[%emt 0:00:03]} 48. Nxe6 {[%emt 0:00:02]} Nxe5 {[%emt 0:00:02]} 49. Nxf8 {[%emt 0:00:05]} Ng4+ {[%emt 0:00:02]} 50. hxg4 {[%emt 0:00:02]} Kxf8 {[%emt 0:00:01]} 51. gxf5 {[%emt 0:00:03]} gxf5 {[%emt 0:00:01]} 52. Qg6 {[%emt 0:00:09]} Qd5 {[%emt 0:00:04]} 53. Qf6+ {[%emt 0:00:06]} Kg8 {[%emt 0:00:10]} 54. Qg6+ {[%emt 0:00:02]} Kf8 {[%emt 0:00:02]} 55. Qf6+ {[%emt 0:00:01]} Kg8 {[%emt 0:00:01]} 56. Qg6+ {[%emt 0:00:15]} Kf8 {[%emt 0:00:02]} 1/2-1/2

[Event "FIDE Online Olympiad Div 2 Pool A 2020"]
[Site "Online"]
[Date "2020.08.16"]
[Round "9"]
[White "Osmanodja, Filiz"]
[Black "Salimova, Nurgyul"]
[Result "0-1"]
[WhiteElo "2131"]
[BlackElo "2244"]
[Annotator "broadcasts"]
[PlyCount "66"]
[EventDate "2020.08.14"]
[EventType "team-tourn"]
[TimeControl "900+5"]

1. e4 {[%emt 0:00:08]} c6 {[%emt 0:00:02]} 2. d4 {[%emt 0:00:04]} d5 {[%emt 0:00:01]} 3. Nc3 {[%emt 0:00:00]} dxe4 {[%emt 0:00:01]} 4. Nxe4 {[%emt 0:00:00]} Nf6 {[%emt 0:00:01]} 5. Nxf6+ {[%emt 0:00:06]} exf6 {[%emt 0:00:01]} 6. Nf3 {[%emt 0:00:06]} Bd6 {[%emt 0:00:01]} 7. h3 {[%emt 0:00:12]} O-O {[%emt 0:00:02]} 8. Bd3 {[%emt 0:00:13]} Re8+ {[%emt 0:00:05]} 9. Be3 {[%emt 0:00:37]} Nd7 {[%emt 0:00:01]} 10. Qd2 {[%emt 0:00:13]} Nf8 {[%emt 0:00:12]} 11. O-O-O {[%emt 0:00:21]} Be6 {[%emt 0:00:05]} 12. Kb1 {[%emt 0:00:03]} b5 {[%emt 0:00:17]} 13. Nh4 {[%emt 0:00:19]} g6 {[%emt 0:00:32]} 14. f4 {[%emt 0:00:34]} f5 {[%emt 0:00:20]} 15. Nf3 {[%emt 0:00:19]} Bd5 {[%emt 0:00:07]} 16. Rhf1 {[%emt 0:02:08]} Qe7 {[%emt 0:03:17]} 17. Rde1 {[%emt 0:01:41]} Ne6 {[%emt 0:00:11]} 18. g4 {[%emt 0:01:03]} fxg4 {[%emt 0:00:22]} 19. Ne5 {[%emt 0:03:16]} gxh3 {[%emt 0:05:02]} 20. f5 {[%emt 0:00:03]} Nf8 {[%emt 0:00:01]} 21. f6 {[%emt 0:01:14]} Qc7 {[%emt 0:00:37]} 22. Bg1 {[%emt 0:00:40]} Bxe5 {[%emt 0:01:27]} 23. dxe5 {[%emt 0:00:19]} Rxe5 {[%emt 0:00:03]} 24. Bh2 {[%emt 0:01:09]} Rxe1+ {[%emt 0:00:04]} 25. Rxe1 {[%emt 0:00:00]} Qd7 {[%emt 0:00:28]} 26. Qh6 {[%emt 0:01:27]} Ne6 {[%emt 0:00:03]} 27. Re3 {[%emt 0:00:33]} Bg2 {[%emt 0:00:28]} 28. Rg3 {[%emt 0:00:12]} Qd4 {[%emt 0:00:28]} 29. Re3 {[%emt 0:00:14]} Qxf6 {[%emt 0:00:21]} 30. Be5 {[%emt 0:00:01]} Qf2 {[%emt 0:00:01]} 31. Bc3 {[%emt 0:00:05]} Qf4 {[%emt 0:00:34]} 32. Qxf4 {[%emt 0:00:11]} Nxf4 {[%emt 0:00:01]} 33. Be4 {[%emt 0:00:07]} Re8 {[%emt 0:00:08]} 0-1

[Event "FIDE Online Olympiad Div 2 Pool A 2020"]
[Site "Online"]
[Date "2020.08.16"]
[Round "9"]
[White "Yordanov, Lachezar"]
[Black "Vogel, Roven"]
[Result "1-0"]
[WhiteElo "2005"]
[BlackElo "1932"]
[Annotator "broadcasts"]
[PlyCount "45"]
[EventDate "2020.08.14"]
[EventType "team-tourn"]
[TimeControl "900+5"]

1. d4 {[%emt 0:00:01]} Nf6 {[%emt 0:00:05]} 2. c4 {[%emt 0:00:03]} g6 {[%emt 0:00:01]} 3. Nc3 {[%emt 0:00:01]} d5 {[%emt 0:00:02]} 4. cxd5 {[%emt 0:00:03]} Nxd5 {[%emt 0:00:00]} 5. e4 {[%emt 0:00:01]} Nxc3 {[%emt 0:00:01]} 6. bxc3 {[%emt 0:00:00]} Bg7 {[%emt 0:00:00]} 7. Nf3 {[%emt 0:00:01]} c5 {[%emt 0:00:01]} 8. Bb5+ {[%emt 0:00:01]} Nc6 {[%emt 0:00:02]} 9. Rb1 {[%emt 0:00:09]} O-O {[%emt 0:02:23]} 10. d5 {[%emt 0:00:10]} Na5 {[%emt 0:00:19]} 11. O-O {[%emt 0:00:04]} e5 {[%emt 0:01:45]} 12. Bg5 {[%emt 0:00:57]} Qd6 {[%emt 0:00:09]} 13. Nd2 {[%emt 0:00:14]} f5 {[%emt 0:01:27]} 14. f3 {[%emt 0:00:28]} a6 {[%emt 0:00:53]} 15. Be2 {[%emt 0:00:09]} Bd7 {[%emt 0:00:04]} 16. Nc4 {[%emt 0:00:42]} Nxc4 {[%emt 0:00:04]} 17. Bxc4 {[%emt 0:00:01]} fxe4 {[%emt 0:02:14]} 18. Be7 {[%emt 0:00:19]} Qxe7 {[%emt 0:01:04]} 19. d6+ {[%emt 0:00:02]} Qe6 {[%emt 0:00:00]} 20. Bxe6+ {[%emt 0:00:01]} Bxe6 {[%emt 0:00:00]} 21. Rxb7 {[%emt 0:00:32]} exf3 {[%emt 0:00:02]} 22. Rxf3 {[%emt 0:00:07]} Rxf3 {[%emt 0:00:31]} 23. gxf3 {[%emt 0:00:35]} 1-0